Najczęściej używane słowa w języku angielskim - Statystyki

Ogólne statystyki
  • Ten quiz został rozwiązany 211 razy
  • Średni wynik to 14 z 50
Statystyki odpowiedzi
Odpowiedź % Poprawnych
I
91%
a
89%
you
82%
you
82%
he
81%
the
80%
is
65%
are
58%
it
57%
on
56%
in
55%
be
53%
they
52%
and
41%
to
40%
have
32%
at
31%
for
30%
with
27%
this
26%
of
24%
that
24%
as
21%
his
19%
one
19%
from
18%
too
16%
just
10%
much
10%
name
9%
right
9%
cause
8%
think
7%
before
6%
great
6%
say
6%
very
6%
move
5%
old
5%
tell
5%
low
4%
mean
4%
same
3%
turn
3%
form
2%
help
2%
line
2%
through
2%
differ
1%
sentence
1%
Nie znaleziono quizów pasujących do podanych kryteriów
Rozkład punktacji
Procent ludzi z każdym wynikiem
Percentyl według liczby udzielonych odpowiedzi
Twoja historia wyników
Nie rozwiązałeś tego quizu